000 00886cpcaa2200253 4500
001 mm 79000370
003 DLC
005 20260227111630.0
008 790209|||||||||||| eng
010 _amm 79000370
040 _aDLC
_cDLC
_edacs
_dDLC
072 7 _aC
_2lcmd
100 1 _aBurke, Aedanus,
_d1743-1802.
245 0 0 _aAedanus Burke correspondence,
_f1781.
300 _a1
_fitem.
506 0 _aOpen to research.
545 0 _aU.S. representative from South Carolina and jurist.
546 _aCollection material in English.
580 _aForms part of: Miscellaneous Manuscripts collection.
656 7 _aJurists.
_2itoamc
656 7 _aRepresentatives, U.S. Congress
_zSouth Carolina.
_2itoamc
999 _c40326
_d40326